000 00276nam a22001217a 4500
040 _cSY
082 _a631
100 _aឃុន គីមឃុយ
245 _aវិទ្យាសាស្រ្តដី
260 _aRUA
_bឃុន
_c2012
300 _a71p.
942 _cKB
999 _c9790
_d9790